2020s Pop Albums - Statistics

General Stats
  • This quiz has been taken 148 times
  • The average score is 11 of 17
Answer Stats
Artist Hint Answer % Correct
Olivia Rodrigo Deja Vu, Happier, Brutal Sour
92%
Charli XCX Apple, Sympathy Is A Knife, 360 Brat
89%
Billie Eilish BIRDS OF A FEATHER, LUNCH, WILDFLOWER HIT ME HARD AND SOFT
84%
Taylor Swift Anti-Hero, Lavender Haze, Mastermind Midnights
84%
Sabrina Carpenter Taste, Don't Smile, Good Graces Short 'n' Sweet
83%
Ariana Grande We Can't Be Friends, Yes, and?, The Boy Is Mine Eternal Sunshine
75%
Adele Easy On Me, Cry Your Heart Out, I Drink Wine 30
69%
Harry Styles Late Night Talking, As It Was, Matilda Harry's House
69%
Chappell Roan HOT TO GO, Pink Pony Club, Picture You The Rise And Fall Of A Midwest Princess
66%
SZA Kill Bill, Nobody Gets Me, Good Days SOS
60%
Dua Lipa Levitating, Physical, Don't Start Now Future Nostalgia
57%
Beyonce BREAK MY SOUL, HEATED, I'M THAT GIRL Renaissance
53%
Doja Cat Woman, Need To Know, You Right Planet Her
48%
Tate McRae Hurt My Feelings, Exes, Plastic Palm Trees Think Later
35%
Miley Cyrus Flowers, You, Rose Coloured Lenses Endless Summer Vacation
34%
Melanie Martinez VOID, SPIDER WEB, EVIL PORTALS
33%
Benson Boone Beautiful Things, Slow It Down, Cry Fireworks And Rollerblades
25%
No matching quizzes found
Score Distribution
Percent of People with Each Score
Percentile by Number Answered
Your Score History
You have not taken this quiz